000 00361nam a22001217a 4500
999 _c9408
_d9408
003 OSt
008 201203b ||||| |||| 00| 0 eng d
245 _aTextile Trends
250 _a2011(Jan Vol.53 No.10, Mar Vol.53 No.12, Jun Vol.54 No.3, Jul Vol.54 No.4)
260 _aKolkata
_bEastland Publications Pvt Ltd's
650 _aTextile Engineering
942 _2ddc
_cBV